Inverted Logos Quiz - Statistics

General Stats
  • This quiz has been taken 48 times
  • The average score is 15 of 16
Answer Stats
Picture Answer % Correct
Domino's
100%
Firefox
100%
Google
100%
Monster
100%
Starbucks
100%
Instagram
98%
PlayStation
98%
Dunkin' Donuts
96%
Pepsi
96%
TikTok
96%
Xbox
96%
BMW
93%
Rolex
80%
T-Mobile
78%
NBC
65%
American Airlines
63%
No matching quizzes found
Score Distribution
Percent of People with Each Score
Percentile by Number Answered
Your Score History
You have not taken this quiz